| 000 | 00551nam a2200193 4500 | ||
|---|---|---|---|
| 001 | 131487 | ||
| 003 | ES-MaACL | ||
| 005 | 20230906194006.0 | ||
| 007 | t| | ||
| 008 | 070214s1948 sp r ||||1| spa d | ||
| 100 | 1 |
_aRodríguez Aguilera, Cesáreo. _998320 |
|
| 245 | 1 | 0 |
_aSahara de la vida _b: poesía / _cCesáreo Rodríguez Aguilera. |
| 260 |
_aJaén : _bEd. Lagarto, _c1948. |
||
| 300 |
_a44 p. : _bil. ; _c21 cm. |
||
| 490 | 1 | _aAl verde olivo | |
| 830 | 0 |
_aAl verde olivo _9219581 |
|
| 852 |
_aES-MaACL _j1899-F-13 |
||
| 999 |
_c131487 _d131487 |
||